Gaming Quiz

Random Gaming or Board Games Quiz

Vowel-less Board Games Quiz Stats

 Plays Quiz Updated Nov 8, 2018

     
Support Sporcle.
Go Orange.
Score 0/20 Timer 02:00
1 Play Today
Vowel-less Name Board Game % Correct
mnplMonopoly
98.5%
scrbblScrabble
96.7%
chssChess
96.4%
bttlshpBattleship
95.9%
chckrsCheckers
95.8%
rskRisk
94.7%
yhtzYahtzee
90.5%
bckgmmnBackgammon
90.4%
clClue
87.1%
gss whGuess Who
85.5%
Vowel-less Name Board Game % Correct
chts nd lddrsChutes and Ladders
81.4%
trvl prstTrivial Pursuit
81.3%
trblTrouble
81.2%
cndlndCandyland
78%
srrSorry
77.2%
ms trpMouse Trap
75.2%
pctnrPictionary
74.7%
strtgStratego
70.9%
ctnCatan
46.1%
prtnOperation
29.4%

From the Vault

Super Bowls' Yard Leaders

by 12bball

Sports 10m
The amazing thing is that many of these players weren't even on the winning team.
Remove Ads.
Support Sporcle.
Get the best of Sporcle when you Go Orange. This ad-free experience offers more features, more stats, and more fun while also helping to support Sporcle. Thank you for becoming a member.

Show Comments

Extras

Top Quizzes Today


Score Distribution

Your Account Isn't Verified!

In order to create a playlist on Sporcle, you need to verify the email address you used during registration. Go to your Sporcle Settings to finish the process.

Report this User

Report this user for behavior that violates our Community Guidelines.

Details: